00181nam a22000857a 4500082001300000100001000013245003400023260003000057300000800087 a621.3CAT aCathy aBasic electrical engineering  aLondonbMcGraw Hillc1987 a298